Loading...
Mira Bai
| Main Author: | |
|---|---|
| Format: | Printed Book |
| Published: |
NewDelhi;
Sahitya Akademi;
1969
|
| Subjects: |
| LEADER | 00444nam a22001337a 4500 | ||
|---|---|---|---|
| 082 | |a 920 |b USH/M K9 | ||
| 100 | |a Usha s Nilsson |9 172840 | ||
| 245 | |a Mira Bai | ||
| 260 | |a NewDelhi; |b Sahitya Akademi; |c 1969 | ||
| 300 | |a 70p. | ||
| 650 | |a Biography/Autobiography |9 302761 | ||
| 942 | |c BK | ||
| 999 | |c 64149 |d 64149 | ||
| 952 | |0 0 |1 0 |4 0 |6 920_000000000000000_USH_M_K9 |7 0 |8 BIO |9 76762 |a MAL |b MAL |d 2016-10-07 |e 11650 |l 0 |o 920 USH/M K9 |p MAL011650 |r 2016-10-07 |t 1 |w 2016-10-07 |y BK | ||